El poder, una bestia magnífica: sobre el poder, la prisión y la vida
সংরক্ষণ করুন:
| প্রধান লেখক: | |
|---|---|
| অন্যান্য লেখক: | |
| বিন্যাস: | গ্রন্থ |
| ভাষা: | স্প্যানিশ |
| প্রকাশিত: |
Buenos Aires
Siglo Veintiuno Editores
2012
|
| সংস্করন: | 1a. ed |
| মালা: | Biblioteca Clásica de Siglo Veintiuno
|
| বিষয়গুলি: | |
| ট্যাগগুলো: |
ট্যাগ যুক্ত করুন
কোনো ট্যাগ নেই, প্রথমজন হিসাবে ট্যাগ করুন!
|
MARC
| LEADER | 00000cam a2200000 a 4500 | ||
|---|---|---|---|
| 001 | UCF3963 | ||
| 003 | CL-VaPUC | ||
| 005 | 20250108100845.0 | ||
| 008 | 121115e20120000AG |||||||||||||||||spa|d | ||
| 999 | |c 349987 |d 349985 | ||
| 020 | |a 9789876292375 | ||
| 040 | |c Pontificia Universidad Católica de Valparaíso | ||
| 082 | 0 | 4 | |a 320.5 |b FOU |2 21 |
| 100 | |a Foucault, Michel |e author |9 257945 | ||
| 245 | 1 | 3 | |a El poder, una bestia magnífica: sobre el poder, la prisión y la vida |
| 250 | |a 1a. ed | ||
| 260 | |a Buenos Aires |b Siglo Veintiuno Editores |c 2012 | ||
| 300 | |a 288 p | ||
| 490 | 0 | |a Biblioteca Clásica de Siglo Veintiuno | |
| 583 | |a last modification |c 20121115 10:00:00 |k Rodrigo Vera | ||
| 650 | 0 | |a Autoridad |9 257105 | |
| 650 | 0 | |a Autoritarismo |9 295297 | |
| 650 | 7 | |a PODER |2 CL-VaPUC |9 565610 | |
| 650 | 0 | |a Filosofía francesa |9 255698 | |
| 700 | 1 | |a Pons, Horacio |e traductor |9 864378 | |
| 942 | |c BK |2 ddc | ||
| 945 | |d 20121115 00:00:00 |a dcastane | ||
| 952 | |0 0 |1 0 |4 0 |6 320_500000000000000_FOU_2012 |7 0 |8 A |9 452894 |a BIBGIM |b BIBGIM |d 2019-11-22 |i 4922964 |l 1 |o 320.5 FOU 2012 |p 4922964 |r 2025-01-15 |s 2022-06-06 |w 2019-11-22 |y BK |k SSL | ||
| 952 | |0 0 |1 0 |4 0 |6 320_500000000000000_FOU_2012 |7 0 |8 A |9 452895 |a FDOPOS |b FDOPOS |d 2019-11-22 |i 4972139 |o 320.5 FOU 2012 |p 4972139 |r 2025-01-22 |w 2019-11-22 |y BK |k DLH | ||
| 952 | |0 0 |1 0 |4 0 |6 320_500000000000000_FOU_2012 |7 0 |8 A |9 452896 |a BIBGIM |b BIBGIM |d 2019-11-22 |i 4976614 |o 320.5 FOU 2012 |p 4976614 |r 2019-11-22 |w 2019-11-22 |y BK |k SSL | ||
| 952 | |0 0 |1 0 |2 ddc |3 erb |4 0 |6 320_500000000000000_FOU_2012 |7 0 |8 A |9 452898 |a BIBING |b BIBING |i 5069874 |l 1 |o 320.5 FOU 2012 |p 5069874 |r 2025-03-20 |s 2025-03-20 |w 2019-11-22 |y BK |z Catalogado en:20140502 |k GEO | ||
| 952 | |0 0 |1 0 |2 ddc |3 erb |4 0 |6 320_500000000000000_FOU_2012 |7 0 |8 A |9 452899 |a BIBING |b BIBING |i 5147379 |l 3 |o 320.5 FOU 2012 |p 5147379 |q 2025-05-16 |r 2025-05-09 |s 2025-05-09 |w 2019-11-22 |y BK |z Catalogado en:20150430 |k GEO | ||
| 952 | |0 0 |1 0 |3 erb |4 0 |6 320_500000000000000_FOU_2012 |7 0 |8 R |9 452900 |a BIBEDU |b BIBEDU |c MCIRC |i 5377641 |o 320.5 FOU 2012 |p 5377641 |r 2023-01-13 |w 2019-11-22 |y BK_R |z Catalogado en:20170527 |k FIL | ||